000
00373nam a2200169Ia 4500
003
0STCL
008
150530s9999 xx 000 0 und d
040
_a
STCL
_c
STCL
100
_a
Thunchathu Ezhuthachan
245
_a
Sree Naha Bhagavatam
250
_a
Fifteenth
260
_c
2003
546
_a
English
942
_2
ddc
_c
BK
999
_c
4562
_d
4562
005
20220125165354.0